000 00953 a2200229 4500
001 47480
005 20260407155741.0
008 260407a1985 arg spa d
003 AR-UNSa-BCEJYS
040 _aAR-UNSa-BCEJYS
_bspa
_cAR-UNSa-BCEJYS
080 _a330.101.541
_xMacroeconomía
245 1 0 _aExpectataivas racionales
020 _a978-84-206-2449-5
264 1 _aMadrid :
_bAlianza Editorial
_c1985
300 _a217 p.
_c20 cm.
505 _a1. El concepto de expectativas racionales - 2. Inflación y desempleo - 3. Otras cuestiones macroeconómicas - 4. Mercados efectivos y expectativas racionales - 5. Modelos microeconómicos empíricos - 6. Las expectativas racionales en la práctica -
942 _cBK
590 _aniveau_biblio:m niveau_hierar:0
100 1 _aSheffrin, Steven M.
700 1 _aSoria Gutiérrez, Rosa
856 4 1 _uhttps://www.biblioeco.unsa.edu.ar/pmb/images/libros/L127521.jpg
_yImagen de portada
_qimage/jpeg
999 _c4377
_d4377